Historia de la filosofía

Wedi'i Gadw mewn:
Manylion Llyfryddiaeth
Prif Awdur: Abad Pascual, Juan José (Awdur)
Fformat: Llyfr
Iaith:Sbaeneg
Cyhoeddwyd: Madrid McGraw Hill 1996
Cyfres:Bachillerato, 2
Pynciau:
Tagiau: Ychwanegu Tag
Dim Tagiau, Byddwch y cyntaf i dagio'r cofnod hwn!

MARC

LEADER 00000nam a2200000 a 4500
001 UCM4785
003 CL-VaPUC
008 020906e19960000SP |||||||||||||||||spa|d
082 0 4 |a 109  |b ABA  |2 21 
100 0 |a Abad Pascual, Juan José  |e author  |9 471178 
245 1 0 |a Historia de la filosofía 
300 |a 463 p 
942 |c BK 
945 |d 20020906 00:00:00  |a vberengu 
260 |a Madrid  |b McGraw Hill  |c 1996 
650 0 |a Historia de la filosofía  |9 256920 
650 0 |a Filosofía antigua   |9 255705 
650 0 |a Filosofía griega  |9 265579 
650 0 |a Filosofía medieval  |9 256245 
650 0 |a Filosofía contemporánea  |9 265372 
650 0 |a Filosofía cristiana   |9 265980 
650 0 |a Positivismo  |9 269460 
650 0 |a Fenomenología  |9 256519 
650 0 |a Filosofía española   |9 254895 
583 |a last modification  |c 20121002 11:37:28  |k Rodrigo Vera 
490 0 |a Bachillerato, 2 
999 |c 301256  |d 301254 
952 |0 0  |1 0  |4 0  |6 109_000000000000000_ABA_1996  |7 0  |8 A  |9 360045  |a BIBTEO  |b BIBTEO  |d 2019-11-21  |i 3840654  |l 1  |o 109 ABA 1996  |p 3840654  |r 2025-01-17  |s 2024-08-05  |w 2019-11-21  |y BK  |k ICR